El Financiamiento externo, el desarrollo en América Latina y el Caribe y las relaciones internacionales de cooperación /
Guardado en:
| Autores Corporativos: | , |
|---|---|
| 格式: | Texto |
| 出版: |
Washington:
Organización de los Estados Americanos
|
| 標簽: |
添加標簽
沒有標簽, 成為第一個標記此記錄!
|
MARC
| LEADER | 00000 a a2200000 04500 | ||
|---|---|---|---|
| 001 | 25258 | ||
| 003 | |||
| 040 | |||
| 090 | |a 180700 | ||
| 110 | |a Organización de los Estados Americanos | ||
| 245 | |a El Financiamiento externo, el desarrollo en América Latina y el Caribe y las relaciones internacionales de cooperación / |c Organización de los Estados Americanos | ||
| 260 | |a Washington: |b Organización de los Estados Americanos | ||
| 300 | |a 10 p | ||
| 710 | |a Consejo Internacional Económico y Social | ||
| 999 | |c 13820 |d 13820 | ||
